000 00438nam a2200157Ia 4500
003 OSt
005 20230526153029.0
008 211028s2016 xx 000 0 und d
040 _cAIMIT LIBRARY
041 _aeng
100 _aSequeira, Hancil Benedict; Suvaris, Roshan.
_98630
_e141908
110 _aRoshan Suvaris
_98631
245 _aParabola- employee time sheet management system.
260 _aMangalore
_c2016
942 _2ddc
_cPRO
999 _c219984
_d219984